000
00247nam a2200097Ia 4500
001
640860
005
20250826153455.0
008
250824s9999 xx 000 0 und d
245
0
_a
NEHİRDEKİ SANDIK
_c
AHMET YILMAZ BOYUNAĞA
260
_b
GENÇ TİMAŞ
999
_c
640860
_d
640860